| 000 | 00475nmm a2200157Ia 4500 | ||
|---|---|---|---|
| 008 | 251105s9999||||xx |||||||||||||||||und|| | ||
| 020 | _a9781558854079 | ||
| 041 |
_aspa _aeng |
||
| 100 | _aCaraballo, Samuel | ||
| 245 | 0 | _aMis abuelos y yo = My grandparents and I | |
| 264 |
_a[Washington, Estados Unidos] : _bArte Público Press, _c2004 |
||
| 300 | _a32 páginas | ||
| 650 | _aAges 6-8 Years Old | ||
| 856 | _uhttps://public.digitaliapublishing.com/a/23165 | ||
| 942 | _cCF | ||
| 999 |
_c74763 _d74763 |
||